[Event "Bundesliga 1516"]
[Site "Germany"]
[Date "2016.04.10"]
[Round "13.5"]
[White "Pap, Misa"]
[Black "Edouard, Romain"]
[Result "1/2-1/2"]
[WhiteElo "2488"]
[BlackElo "2630"]
[Annotator "Edouard,R"]
[PlyCount "104"]
[EventDate "2015.09.18"]
[EventType "team-tourn"]
[EventRounds "15"]
[EventCountry "GER"]
[SourceTitle "CBM 172"]
[Source "ChessBase"]
[SourceDate "2016.05.12"]
[SourceVersion "1"]
[SourceVersionDate "2016.05.12"]
[SourceQuality "1"]
[WhiteTeam "Dortmund Hansa"]
[BlackTeam "Werder Bremen"]
[WhiteTeamCountry "GER"]
[BlackTeamCountry "GER"]

1. e4 e5 2. Nf3 Nc6 3. Bc4 Nf6 4. d4 exd4 5. O-O Nxe4 6. Re1 d5 7. Bxd5 Qxd5 8.
Nc3 Qd8 $5 {A secondary move that has gained in popularity over recent years.}
9. Rxe4+ Be7 10. Nxd4 f5 11. Rf4 (11. Bh6 O-O (11... gxh6 $4 12. Qh5+ Kf8 13.
Nxf5 {just wins for White.}) (11... fxe4 12. Bxg7 {might remain playable for
Black but is extremely risky.}) 12. Nxc6 bxc6 13. Rd4 Qe8 14. Bf4 {transposes
into the game, without giving Black the option of exchanging queens in a
positive way (forcing Nxd1).}) (11. Rxe7+ {is another option but after} Nxe7
12. Qh5+ Ng6 ({and not} 12... g6 $6 13. Qh4 Nc6 14. Bg5 $1 Qxd4 15. Re1+ Be6
16. Rxe6+ Kd7 17. Re7+ $1 Kc8 18. Rxc7+ $1 Kb8 19. Bf4 Re8 20. Rxc6+ {1-0 (20)
Seegert,K (2103)-Hartl,D (2249) Fermo ITA 2009}) 13. Nf3 O-O 14. Ng5 h6 15.
Qxg6 hxg5 16. Bxg5 Qd7 {Black is just fine.}) 11... O-O 12. Nxc6 bxc6 $5 {
Now if White wants to exchange queens Black gets a better version of the
endgame.} (12... Qxd1+ {is also fine in my opinion:} 13. Nxd1 bxc6 {and for
example if White plays} 14. Ra4 {with the idea of Bf4 Black goes} (14. Rc4 c5
15. Bf4 Re8 $132) 14... g5 {and the bishop pair compensates for the doubled
c-pawns.}) 13. Rd4 Qe8 14. Bf4 Bf6 15. Rd3 Qf7 $5 ({Objectively the best
should be:} 15... Ba6 16. Re3 Qf7 17. Be5 (17. Qf3 Bd4 18. Ree1 Rab8 19. Rad1
c5 $13 {0-1 (32) Karpov,V (2377)-Ragger,M (2687) Minsk BLR 2015}) 17... f4 18.
Re4 Bxe5 19. Rxe5 f3 $11) 16. Qd2 (16. Qf3 {should be critical:} Ba6 (16... Rb8
17. Qxc6 Rxb2 18. Nd5 Rxc2 19. Nxf6+ Qxf6 20. Qxc2 Qxa1+ 21. Rd1 Qf6 22. Qxc7 {
should be a draw although White is a tiny bit better.}) 17. Rd2 Rab8 (17...
Rad8 $5 18. Rxd8 Rxd8 19. Qxc6 Qc4 20. Qxc7 Qxc7 21. Bxc7 Rd2 22. Rc1 Bd4 {
should also be a draw.}) 18. Qxc6 Qc4 19. Qxc7 Qxc7 20. Bxc7 Rb7 21. Nd5 Bxb2
22. Re1 Bc4 23. Ba5 Ba3 24. Ne3 Bf7 25. Rd3 Bc5 $44) 16... Re8 $1 {It is
important to avoid Re1.} (16... Ba6 $6 17. Rd7 $14) 17. h3 $6 (17. Rd1 {
was better although after} h6 {Black is completely fine.} ({And not} 17... Rb8
$6 18. b3 Ba6 $6 19. Rd7 Bxc3 $4 20. Qxc3 {winning for White as the rook on d7
is protected!})) (17. Bg5 $6 Ba6 18. Rf3 Be5 $15) 17... Rb8 18. Re1 ({Now} 18.
b3 $6 {fails to} Ba6 19. Rd7 $4 Bxc3 $19) ({I considered} 18. Na4 {to be the
best move, Black is definitely fine but probably not better.}) 18... Rxe1+ 19.
Qxe1 Rxb2 20. Be5 Ba6 21. Re3 (21. Rf3 $5 {also made sense.}) 21... h6 (21...
Bc4 $5 {is suggested by the engine, avoiding Re6 ideas - not a human move!})
22. Qc1 (22. Bxf6 Qxf6 23. Re6 Qg5 24. Qe5 $1 {was fine for White as} Rxc2 $4 {
is met by the excellent} 25. Ne4 $3 {(that I completely missed!)} fxe4 26. Re8+
Kh7 27. Qxe4+ Qg6 28. Rh8+ $18) 22... Rb6 23. Qa3 (23. Bxf6 Qxf6 24. Na4 {
was more logical.}) 23... f4 24. Re4 Bxe5 25. Rxe5 f3 26. g4 Qc4 27. Re8+ $1 (
27. Re1 $6 c5 $1 28. Ne4 $2 {would fail to} Re6 29. Qxf3 Bb7 $19) 27... Kh7 28.
Re1 Qf4 (28... c5 29. Ne4 Re6 30. Qxf3 {would be equal as White is now
threatening Qf5+.}) 29. Qc1 Qxc1 (29... Qf7 30. Qe3 $44) 30. Rxc1 Rb4 31. a3
Rd4 $6 {Losing a tempo for no reason, but the position was quite drawish
anyway, to my great surprise!} (31... Rc4 32. Nd1 Ra4 33. Ra1 Kg6 (33... h5 34.
Ne3 hxg4 35. hxg4 Bc8 36. c4 Ba6 37. Kh2 Bxc4 38. Nxc4 Rxc4 39. Kg3 Rc3 40. a4
{and White makes an easy draw.}) 34. Kh2 Kf6 35. Kg3 Be2 36. Ne3 {and Black is
a tempo up compared to the game but it does not make a huge difference.}) 32.
Kh2 Rc4 33. Nd1 Ra4 34. Ra1 Be2 35. Ne3 Kg6 36. Kg3 Kf6 37. Rb1 Ke6 (37... Rxa3
38. Rb7 {should be an easy draw for White as all of his pieces are perfectly
placed and very active.}) 38. Rb7 Kd7 39. Rb3 (39. Rb8 Rxa3 40. Rg8 {is also
drawish according to the engine, although I didn't believe in it during the
game.}) 39... g6 40. h4 h5 41. g5 (41. Rb8 $1 {was, it seems, even stronger as
the white h-pawn may become dangerous!}) 41... c5 (41... a5 $5 {was critical
but after} 42. Rb8 Rxa3 43. Rg8 a4 44. Rxg6 Ra1 45. Rg8 a3 46. Ra8 a2 47. Kf4
$132 {White is fine.}) 42. Rb8 Rxa3 43. Rg8 Ra6 44. Nd5 ({I considered} 44.
Rg7+ Kc8 45. Nd5 Kb8 {to be good for Black but it seems White can just go} 46.
Nf6 Rc6 47. Rxg6 a5 48. Rg8+ Kb7 49. Re8 a4 50. Re3 {and only Black is in
danger!}) 44... Rd6 (44... Ke6 $3 {was a great move, and now White should find}
45. Nf4+ ({And not} 45. Nxc7+ $2 Kf7 46. Nxa6 Kxg8 47. Nxc5 a5 48. Kf4 Bd1 49.
Ke3 Bxc2 50. Kd2 Bf5 51. Kc3 Kf7 $19) 45... Kf7 46. Ra8 {and it is difficult
for Black to progress.}) 45. Nf6+ $1 (45. Nf4 $2 a5 46. Nxg6 a4 47. Ne5+ Ke7
$17) 45... Ke6 (45... Kc6 $6 46. Rxg6 a5 47. Rg8 Kb7 48. Re8 $14) 46. Rxg6 Kf5
(46... a5 {was a better move order:} 47. Nxh5+ Kf5 48. Rg8 {back into the game.
}) 47. Rg8 (47. Rg7 $1 {with the idea} a5 (47... Rd1 $2 48. Nxh5 Rg1+ 49. Kh2
Rg2+ 50. Kh3 $18) 48. Rxc7 a4 49. Rxc5+ Kg6 50. Rc3 {was much more annoying:
White has an excellent trick} Rd4 51. Rc7 Rd6 $4 52. Nxh5 $1 $18) 47... a5 (
47... Rd1 $2 48. Nxh5 Rg1+ 49. Kh2 Rg2+ 50. Kh3 $18) 48. Nxh5 a4 49. Nf4 a3 50.
Rf8+ Ke5 51. Re8+ Kf5 ({After} 51... Kd4 52. Nxe2+ fxe2 53. Rxe2 {only White
can win!}) 52. Rf8+ ({After} 52. Nxe2 fxe2 53. Rxe2 a2 54. Re1 {the game
should be a draw but Black is not in danger as the white kingside pawns cannot
advance.}) 52... Ke5 1/2-1/2

[Event "HUN-ch"]
[Site "Budapest"]
[Date "1996.??.??"]
[Round "7"]
[White "Gyimesi, Zoltan"]
[Black "Acs, Peter"]
[Result "1-0"]
[WhiteElo "2480"]
[BlackElo "2410"]
[Annotator "Endgame-CD"]
[PlyCount "143"]
[EventDate "1996.12.??"]
[EventType "tourn"]
[EventRounds "11"]
[EventCountry "HUN"]
[EventCategory "9"]
[SourceTitle "CBM 057"]
[Source "ChessBase"]
[SourceDate "1997.04.01"]
[SourceVersion "1"]
[SourceVersionDate "1997.04.01"]
[SourceQuality "1"]

1. e4 e5 2. Nf3 Nc6 3. Bc4 Bc5 4. O-O d6 5. c3 Nf6 6. d4 exd4 7. cxd4 Bb6 8. d5
Ne5 9. Nxe5 dxe5 10. Nc3 h6 11. Qe2 O-O 12. Be3 Bxe3 13. Qxe3 Qe7 14. Rac1 Bd7
15. Bb5 a6 16. Bxd7 Qxd7 17. b3 Qd6 18. Na4 Nd7 19. Rc2 Rfc8 20. Rfc1 c6 21. g3
Rc7 22. Nb2 c5 23. b4 b6 24. bxc5 Rxc5 25. Rxc5 bxc5 26. Nc4 Qb8 27. Qd3 Ra7
28. Na5 Qb5 29. Qc3 Qa4 30. Nc6 Rb7 31. Qc4 Qb5 32. Kg2 f6 33. h4 h5 34. Qc3
Qe2 35. Qc4 Rb2 36. Qxe2 Rxe2 37. Rb1 Kf7 38. Rb7 Ke8 39. Nb8 Nxb8 40. Rxb8+
Ke7 41. Rb7+ Kf8 42. d6 Rd2 43. Rb6 a5 44. Rc6 a4 45. a3 Ke8 46. Rxc5 Rd4 47.
Rc7 g6 48. Re7+ Kf8 49. Ra7 Ke8 50. d7+ Kd8 51. Ra6 g5 52. f3 gxh4 53. gxh4 f5
54. exf5 Rxh4 55. Re6 Kxd7 56. Rxe5 Rc4 57. Re4 Rc5 58. f6 Rf5 59. Rxa4 Rxf6
60. Ra7+ Ke8 61. a4 h4 62. Rh7 Rf4 63. a5 Ra4 64. Ra7 Ra2+ 65. Kh1 Ra1+ 66. Kh2
Ra2+ 67. Kh3 Rf2 68. Ra8+ Kf7 69. a6 Rxf3+ 70. Kxh4 $11 Kg7 71. Kg5 Rb3 $4 (
71... Ra3 $11) 72. Ra7+ (72. Ra7+ Kf8 73. Rb7 Ra3 74. a7 Ra5+ 75. Kf6 Ra6+ 76.
Ke5 Ra5+ 77. Kd6 Ra6+ 78. Kc7 $18) 1-0

[Event "CHN-RUS Summit Men 1st"]
[Site "Shanghai"]
[Date "2001.09.12"]
[Round "6"]
[White "Ye, Jiangchuan"]
[Black "Svidler, Peter"]
[Result "1-0"]
[WhiteElo "2677"]
[BlackElo "2695"]
[Annotator "Ftacnik,L"]
[PlyCount "53"]
[EventDate "2001.09.07"]
[EventType "schev"]
[EventRounds "6"]
[EventCountry "CHN"]
[SourceTitle "CBM 085"]
[Source "ChessBase"]
[SourceDate "2001.11.13"]
[SourceVersion "1"]
[SourceVersionDate "2001.11.13"]
[SourceQuality "1"]

1. e4 e5 2. Nf3 Nc6 3. d4 exd4 4. Bc4 Nf6 5. e5 d5 6. Bb5 Ne4 7. Nxd4 Bc5 8.
Be3 O-O 9. Nxc6 bxc6 10. Bxc5 Nxc5 11. Bxc6 Rb8 12. Qxd5 Qe7 13. O-O Rxb2 14.
Nc3 Ba6 {Despite activity of black pieces Svidler's position is quite
endangered. The rook on b2 is indirectly threatened and white pieces could
become quite menacing.} (14... Rxc2 $5 15. Qd4 Rd8 16. Nd5 Qg5 17. h4 Qd2 18.
Qxd2 Rxd2 19. Rfd1 $14) 15. Rfc1 Rd8 16. Qf3 Qxe5 17. Bd5 Qf6 (17... Ne6 18.
Bb3 Re8 19. Qe3 $14) 18. Qe3 $1 (18. Qxf6 gxf6 19. Bb3 Rd2 20. Nd1 (20. h3 Nxb3
21. axb3 Rdxc2 22. Rxc2 Rxc2 23. Rxa6 Rxc3 $11) 20... Nxb3 21. axb3 Rdxc2 22.
Rxc2 Rxc2 23. Rxa6 Rc1 24. h3 Rxd1+ 25. Kh2 $11) 18... Ne6 19. Bb3 Nd4 20. Re1
$1 h6 (20... Nxc2 $2 21. Qe8+ Rxe8 22. Rxe8#) 21. Nd5 Qh4 (21... Rxd5 22. Bxd5
Bb5 23. Be4 Nxc2 24. Qxa7 $18) 22. Rad1 (22. Qc3 Rxd5 $1 (22... Rxb3 23. axb3
Ne2+ 24. Rxe2 Bxe2 25. Qc5 $1 $16) 23. Re8+ Kh7 24. Bxd5 Rxc2 25. Qe3 Qf6 $14)
22... c5 $2 {[%mdl 64] Decisive mistake in the position with electrifying
tactical potential, white's attack will become unstoppable.} (22... Rxb3 $1 23.
Ne7+ $1 (23. Qxd4 Qxd4 24. Rxd4 Rbb8 $11) 23... Kf8 (23... Kh7 24. cxb3 Nc2 (
24... Ne2+ 25. Kh1 $18) 25. Qe5 $18) 24. cxb3 Ne2+ 25. Qxe2 (25. Kh1 Qxe7 26.
Rxd8+ Qxd8 27. Rxe2 Bxe2 28. Qxe2 $11) 25... Bxe2 26. Rxd8+ Kxe7 27. Rd3 Qh5
28. Re3+ Kf6 29. R3xe2 $14) 23. Ne7+ Kh7 (23... Kf8 24. Nc6 $1 Ne2+ (24... Nxc6
25. Qxc5+ Kg8 26. Qxc6 $18) 25. Qxe2 Bxe2 26. Rxd8+ Qxd8 27. Nxd8 $18) 24. Bxf7
Rd6 $2 (24... Rb6 25. c4 $16) 25. Nf5 Ne2+ (25... Nxf5 26. Qe8 Qd8 27. Bg6+
Rxg6 28. Rxd8 $18) 26. Kh1 Rxd1 27. Bg6+ $1 (27. Bg6+ $1 Kxg6 28. Nxh4+ Kh5 29.
Rxd1 Kxh4 30. Qh3+ Kg5 31. Rd5+ $18) 1-0